| 000 -LEADER |
| fixed length control field |
01146 a2200217 4500 |
| 020 ## - INTERNATIONAL STANDARD BOOK NUMBER |
| International Standard Book Number |
0471719773 |
| 040 ## - CATALOGING SOURCE |
| Original cataloging agency |
DLC |
| Language of cataloging |
DLC |
| 100 1# - MAIN ENTRY--PERSONAL NAME |
| Personal name |
Greenwood, Garrison. |
| 245 10 - TITLE STATEMENT |
| Title |
Introduction to evolvable hardware: a practical guide for designing self-adaptive systems |
| Remainder of title |
a practical guide for designing self-adaptive systems |
| Statement of responsibility, etc. |
Garrison Greenwood & Andrew M. Tyrrell |
| 246 3# - VARYING FORM OF TITLE |
| Title proper/short title |
Introduction to evolvable hardware [electronic resource] |
| 260 ## - PUBLICATION, DISTRIBUTION, ETC. |
| Place of publication, distribution, etc. |
Piscataway, N.J. : |
| Name of publisher, distributor, etc. |
Wiley-IEEE Computer Society ; |
| Place of publication, distribution, etc. |
Chichester : |
| Name of publisher, distributor, etc. |
John Wiley [distributor], |
| Date of publication, distribution, etc. |
2006. |
| 300 ## - PHYSICAL DESCRIPTION |
| Extent |
xv, 192 p. : |
| Other physical details |
ill. ; |
| Dimensions |
24 cm. |
| 538 ## - SYSTEM DETAILS NOTE |
| System details note |
Mode of access: World Wide Web. |
| 538 ## - SYSTEM DETAILS NOTE |
| System details note |
System requirements : Internet connectivity, World Wide Web browser, Adobe Acrobat reader required to view and print file. |
| 650 #0 - SUBJECT ADDED ENTRY--TOPICAL TERM |
| Topical term or geographic name entry element |
Computer input-output equipment |
| General subdivision |
Design and construction. |
| 650 #0 - SUBJECT ADDED ENTRY--TOPICAL TERM |
| Topical term or geographic name entry element |
Evolutionary programming (Computer science) |
| 700 1# - ADDED ENTRY--PERSONAL NAME |
| Personal name |
Tyrrell, Andy M. |
| 710 2# - ADDED ENTRY--CORPORATE NAME |
| Corporate name or jurisdiction name as entry element |
Wiley InterScience (Online service) |
| 856 41 - ELECTRONIC LOCATION AND ACCESS |
| Uniform Resource Identifier |
<a href="http://libproxy1.nus.edu.sg/login?url=http://www3.interscience.wiley.com/cgi-bin/homepage/?isbn=9780470049716">http://libproxy1.nus.edu.sg/login?url=http://www3.interscience.wiley.com/cgi-bin/homepage/?isbn=9780470049716</a> |
| 942 ## - ADDED ENTRY ELEMENTS (KOHA) |
| Koha item type |
Book |
| Call number prefix |
621.392 GRE |
| Source of classification or shelving scheme |
|